01231nam a22003017a 4500003000400000005001700004008004100021040002200062082001800084100002500102245003000127260006000157300002100217366000800238490003100246505001200277505009200289505015900381505001200540650005500552650004700607650004800654650004300702650004500745650005600790650004700846700003600893OSt20230608140153.0221006b |||||||| |||| 00| 0 eng d cBiblioteca Lado V a709.05bG851a aGriffin, Timeeditor aArtforum/bInternacional/ aNew Yorkc2006bNew York editorial and business offices c26.5x27cma330p. espa aNoviembrev2006x0864-1315 tLetters tCOLUMNSaPassages Film On site Sound Top Ten Entries News Hotlist Film Top Ten tFeaturesaMatters of Appearance Outside in Something different Sculpture's Orbit 1000 Words According to what Climates and other disasters Openings tReviews 2Tesauro de Arte & ArquitecturaaARTE COMTEMPORANEO 2Tesauro de Arte & ArquitecturaaFOTOGRAFIA 2Tesauro de Arte & ArquitecturaaARTE VISUAL 2Tesauro de Arte & ArquitecturaaLIBROS 2Tesauro de Arte & ArquitecturaaNOTICIAS 2 Tesauro de Arte & ArquitecturaaARTE INTERNACIONAL 2 Tesauro de Arte & ArquitecturaaESCULTURA aNavarreta, Jose Antonioeeditor